George W. Bush's Paintings - Statistics

General Stats
  • This quiz has been taken 20 times
  • The average score is 5 of 9
Answer Stats
Picture Answer % Correct
Vladimir Putin
95%
Angela Merkel
85%
Dalai Lama
85%
George W. Bush
70%
George H. W. Bush
65%
Jay Leno
55%
Madeleine Albright
25%
John Howard
5%
Stephen Harper
5%
No matching quizzes found
Score Distribution
Percent of People with Each Score
Percentile by Number Answered
Your Score History
You have not taken this quiz